Medico-Legal Aspects in Obstetrics and Gynecology (Record no. 249473)

MARC details
000 -LEADER
fixed length control field 00459pam a2200157a 44500
008 - FIXED-LENGTH DATA ELEMENTS--GENERAL INFORMATION
fixed length control field 230405s1997 xxu||||| |||| 00| 0 eng d
020 ## - INTERNATIONAL STANDARD BOOK NUMBER
International Standard Book Number 8171794912
Terms of availability Rs.147
082 ## - DEWEY DECIMAL CLASSIFICATION NUMBER
Classification number 618.2
Item number MUK
100 ## - MAIN ENTRY--PERSONAL NAME
Personal name Mukherjee, Gita G.
245 ## - TITLE STATEMENT
Title Medico-Legal Aspects in Obstetrics and Gynecology
260 ## - PUBLICATION, DISTRIBUTION, ETC.
Place of publication, distribution, etc. New Delhi
Name of publisher, distributor, etc. Jaypee Brothers Medical Publishers (P) Ltd.
Date of publication, distribution, etc. 1997
300 ## - PHYSICAL DESCRIPTION
Extent 215 p
700 ## - ADDED ENTRY--PERSONAL NAME
Personal name Tank, D.K.
700 ## - ADDED ENTRY--PERSONAL NAME
Personal name Soonawala, Rustom P.
906 ## - LOCAL DATA ELEMENT F, LDF (RLIN)
a 000706

No items available.